| 000 | 00496nam a2200193Ia 4500 | ||
|---|---|---|---|
| 005 | 20260429112306.0 | ||
| 008 | 260429s9999||||xx |||||||||||||| ||und|| | ||
| 020 | _a9789389212648 | ||
| 041 | _aEnglish | ||
| 082 |
_a530.41 _bJAI |
||
| 100 | _aJain, Vimal Kumar | ||
| 245 | 0 |
_aSolid state physics / _cVimal Kumar Jain |
|
| 250 | _a2nd ed. | ||
| 260 |
_aNew Delhi : _bAne Books, _c2025. |
||
| 300 | _axviii, 526 p.; hb | ||
| 650 | _a Solid state physics | ||
| 650 | _aPhysics | ||
| 942 | _cTB | ||
| 999 |
_c53345 _d53345 |
||